| 000 | 00611nam a22002057a 4500 | ||
|---|---|---|---|
| 003 | OSt | ||
| 005 | 20251024050607.0 | ||
| 008 | 251024b |||||||| |||| 00| 0 eng d | ||
| 020 | _a978-971-581-287-0 | ||
| 040 |
_aDWC - Main Lib _cOC |
||
| 082 | _aFil. 234.25 W615h 2018 | ||
| 100 | _aOliver, Willie | ||
| 245 |
_aHope for today's families _cWillie Oliver & Ellaine Oliver |
||
| 260 |
_aManila, Phils. : _bPhilippine Publishing house, _cc2018 |
||
| 300 |
_a94 pages: _billustrations; _c18 cm. |
||
| 650 | _aSalvation. | ||
| 650 | _aGrace. | ||
| 700 | _aOliver, Ellaine | ||
| 942 |
_2ddc _cBK - FIL _kFil. _n0 |
||
| 999 |
_c5092 _d5092 |
||